Quiz o Hitlerze - Statystyki

Ogólne statystyki
  • Ten quiz został rozwiązany 1 012 razy
  • Średni wynik to 4 z 10
Statystyki odpowiedzi
Pytanie Odpowiedź % Poprawnych
Od kiedy był kanclerzem III Rzeszy? (rok) 1933
86%
Kiedy Hitler wywołał II Wojnę Światową? (rok) 1939
82%
Jakiego jest pochodzenia? Austriackiego
75%
Od kiedy był przywódcą NSDAP? 1934
66%
W jakim Państwie dokładnie się urodził? Austro-Węgry
36%
Ile około zginęło ludzi przez niego? 50 milionów
9%
Jest znany jako? Zbrodniarz wojenny
8%
Na początku kariery w NSDAP pod jakim pseudonimem się ukrywał przed policją? Wilk
3%
Jakie odznaczenie dostał w 1918 roku? Czarna Odznaka za Rany
1%
Jak nazywało się odznaczenie które dostał po ataku 20 lipca 1944? Złota Odznaka za Rany
1%
Nie znaleziono quizów pasujących do podanych kryteriów
Rozkład punktacji
Procent ludzi z każdym wynikiem
Percentyl według liczby udzielonych odpowiedzi
Twoja historia wyników
Nie rozwiązałeś tego quizu